One-Stop Government in agriculture

Niektoré dielčie výsledky projektu PRISMA, financovaného z prostriedkov 5. rámcového programu EÚ. Vymedzenie pojmu one-stop government a súčasný stav využívania informačných a komunikačných technológií. České poľnohospodárstvo.

Saved in:
Bibliographic Details
Main Author: Havlíček, Jaroslav
Other Authors: Tichá, Ivana
Format: Book Chapter
Language:English
Subjects:
Tags: Add Tag
No Tags, Be the first to tag this record!

MARC

LEADER 00000naa a2200000 4500
001 r049461
005 20231004091647.8
041 0 |a eng 
044 |a CZ 
245 1 0 |a One-Stop Government in agriculture  |c Jaroslav Havlíček, Ivana Tichá 
520 |a Niektoré dielčie výsledky projektu PRISMA, financovaného z prostriedkov 5. rámcového programu EÚ. Vymedzenie pojmu one-stop government a súčasný stav využívania informačných a komunikačných technológií. České poľnohospodárstvo. 
610 2 0 |a technológie informačné 
610 2 0 |a technológie komunikačné 
610 2 0 |a poľnohospodárstvo 
610 2 0 |a Česko 
100 1 |a Havlíček, Jaroslav 
700 1 |a Tichá, Ivana